<?xml version='1.0' encoding='UTF-8'?>
  <record xmlns="http://www.loc.gov/MARC21/slim">
    <leader>00000cam a22000007i 4500</leader>
    <controlfield tag="001">ocn974068169</controlfield>
    <controlfield tag="003">OCoLC</controlfield>
    <controlfield tag="005">20250501150728.6</controlfield>
    <controlfield tag="008">991018s1725    ne            000 0 dut d</controlfield>
    <datafield tag="040" ind1=" " ind2=" ">
      <subfield code="a">QGJ</subfield>
      <subfield code="b">dut</subfield>
      <subfield code="c">QGJ</subfield>
      <subfield code="d">OCLCA</subfield>
      <subfield code="d">OCLCO</subfield>
      <subfield code="d">OCLCA</subfield>
      <subfield code="d">OCLCL</subfield>
      <subfield code="d">OCLCQ</subfield>
    </datafield>
    <datafield tag="026" ind1=" " ind2=" ">
      <subfield code="e">172508 - b1 A2 ena : b2 B5 iet</subfield>
      <subfield code="2">stcnf</subfield>
    </datafield>
    <datafield tag="035" ind1=" " ind2=" ">
      <subfield code="a">(OCoLC)974068169</subfield>
    </datafield>
    <datafield tag="041" ind1="1" ind2=" ">
      <subfield code="a">dut</subfield>
      <subfield code="h">fre</subfield>
    </datafield>
    <datafield tag="100" ind1="1" ind2=" ">
      <subfield code="a">Montfleury, Antoine Jacob,</subfield>
      <subfield code="d">1640-1685.</subfield>
      <subfield code="1">https://id.oclc.org/worldcat/entity/E39PBJfRFk4779KjTPkHYJ8wG3</subfield>
    </datafield>
    <datafield tag="245" ind1="1" ind2="4">
      <subfield code="a">Het huwelik van Niet, :</subfield>
      <subfield code="b">klucht-spel /</subfield>
      <subfield code="c">door A. Leeuw.</subfield>
    </datafield>
    <datafield tag="250" ind1=" " ind2=" ">
      <subfield code="a">Den sesden Druk, oversien en vermeerdert.  /</subfield>
      <subfield code="b">vertoont op d'Amsterdamse Schouwburg.</subfield>
    </datafield>
    <datafield tag="264" ind1=" " ind2="1">
      <subfield code="a">t'Amsterdam :</subfield>
      <subfield code="b">by de Erven van de Wed. Gijsbert de Groot,</subfield>
      <subfield code="c">1725.</subfield>
    </datafield>
    <datafield tag="300" ind1=" " ind2=" ">
      <subfield code="a">[30] p. ;</subfield>
      <subfield code="c">in-8 (15 cm)</subfield>
    </datafield>
    <datafield tag="336" ind1=" " ind2=" ">
      <subfield code="a">tekst</subfield>
      <subfield code="b">txt</subfield>
      <subfield code="2">rdacontent/dut</subfield>
    </datafield>
    <datafield tag="337" ind1=" " ind2=" ">
      <subfield code="a">zonder medium</subfield>
      <subfield code="b">n</subfield>
      <subfield code="2">rdamedia/dut</subfield>
    </datafield>
    <datafield tag="338" ind1=" " ind2=" ">
      <subfield code="a">band</subfield>
      <subfield code="b">nc</subfield>
      <subfield code="2">rdacarrier/dut</subfield>
    </datafield>
    <datafield tag="340" ind1=" " ind2=" ">
      <subfield code="m">8-o.</subfield>
    </datafield>
    <datafield tag="562" ind1=" " ind2=" ">
      <subfield code="a">Binding note: Te Winkel 939 dl 3.</subfield>
      <subfield code="5">NL-UtRU</subfield>
    </datafield>
    <datafield tag="500" ind1=" " ind2=" ">
      <subfield code="a">Auteur is Antoine Jacob Montfleury; vertaler is A.B. de Leeuw.</subfield>
    </datafield>
    <datafield tag="500" ind1=" " ind2=" ">
      <subfield code="a">Imprint: t'Amsterdam, by de Erven van de Wed. Gijsbert de Groot, boekverkopers op den Nieuwen-Dijk, in de groote Bybel. 1725.</subfield>
    </datafield>
    <datafield tag="500" ind1=" " ind2=" ">
      <subfield code="a">Collatieformule: A-B⁸.</subfield>
    </datafield>
    <datafield tag="510" ind1="4" ind2=" ">
      <subfield code="a">Short title catalogue Netherands,</subfield>
      <subfield code="c">173796168</subfield>
    </datafield>
    <datafield tag="700" ind1="1" ind2=" ">
      <subfield code="a">Leeuw, Adriaan</subfield>
      <subfield code="q">(Adriaan Bastiaansz),</subfield>
      <subfield code="d">17e eeuw.</subfield>
      <subfield code="1">https://id.oclc.org/worldcat/entity/E39PBJhxjt7TvbDFxQwT69YkjC</subfield>
    </datafield>
    <datafield tag="700" ind1="0" ind2=" ">
      <subfield code="a">E. I.,</subfield>
      <subfield code="e">contributor.</subfield>
      <subfield code="4">ctb</subfield>
    </datafield>
    <datafield tag="700" ind1="1" ind2=" ">
      <subfield code="a">Graaf, Pieter de,</subfield>
      <subfield code="e">dedicatee.</subfield>
      <subfield code="4">dte</subfield>
    </datafield>
    <datafield tag="710" ind1="0" ind2=" ">
      <subfield code="a">Groot, Gijsbert de (wed., erven van de, Amsterdam)</subfield>
      <subfield code="4">prt</subfield>
      <subfield code="0">(NL-LeOCL)07713026X</subfield>
    </datafield>
    <datafield tag="936" ind1=" " ind2=" ">
      <subfield code="a">BATCHLOAD</subfield>
    </datafield>
  </record>